| 000 | 00640nam a2200193 i 4500 | ||
|---|---|---|---|
| 001 | 140704 | ||
| 003 | ES-MaACL | ||
| 005 | 20230906200133.0 | ||
| 007 | t| | ||
| 008 | 070914s1931 cc ||||1| eng d | ||
| 100 | 1 |
_aJin, Wensi. _966664 |
|
| 245 | 1 | 0 |
_aV. K. Wellington Koo's foreign policy _b: some selected documents compiled / _ccompiled by Wunsz King. |
| 260 |
_aShanghai : _bKelly and Walsh, _c1931. |
||
| 300 |
_aXII, 141, 81 p., 1 lám. ; _c26 cm. |
||
| 500 | _aTexto en inglés y en chino. | ||
| 651 | 4 |
_aChina- _xPolítica exterior. _9153660 |
|
| 700 | 1 |
_aKoo, V. K. Wellington. _968572 |
|
| 852 |
_aES-MaACL _jC-4458 _bR.24395 |
||
| 999 |
_c140704 _d140704 |
||